| 000 | 00448nam a2200181Ia 4500 | ||
|---|---|---|---|
| 008 | 210210b1953 xxu||||| |||| 00| 0 eng d | ||
| 041 | _aeng | ||
| 082 | _a825/553 | ||
| 100 | _aMARGOLIOUTH (H M) | ||
| 245 | _aWordsworth and coleridge 1795-1834 | ||
| 260 |
_aLondon _bOxford University Press _c1953 |
||
| 650 | _aWordsworth | ||
| 650 | _acoleridge | ||
| 650 | _aand | ||
| 650 | _a1795-1834 | ||
| 690 | _aEnglish Criticism | ||
| 906 | _a014869 | ||
| 999 |
_c134093 _d134093 |
||